| 000 | 00755nam a22002297a 4500 | ||
|---|---|---|---|
| 999 |
_c8373 _d8373 |
||
| 003 | AR-CdUCM | ||
| 008 | 190325b ||||| |||| 00| 0 spa d | ||
| 040 |
_aMUNICIPALIDAD PROVINCIAL DEL CUSCO _cBIBLIOTECA MUNICIPAL DEL CUSCO |
||
| 041 | _heng | ||
| 082 |
_a720 / _bB82 |
||
| 100 |
_aBreuer, Marcel _923507 |
||
| 245 | _aConstrucciones y proyectos 1921-1961 / | ||
| 260 |
_aBarcelona : _bGustavo Gili, _c1963. |
||
| 300 |
_bfotografías, planos, _c22 cm. |
||
| 500 | _aNo cuenta con numeración impresa. Titulo original: Building and Projects 1921-1961 | ||
| 650 |
_aArquitectura moderna _923508 |
||
| 650 |
_aSiglo XX _98 |
||
| 700 |
_aHatje, Gerd _913855 |
||
| 700 |
_aMunné, Antonio (Traductor) _923509 |
||
| 942 |
_2ddc _cLIBROS |
||
| 945 | _araen | ||